Six Flags Great Adventure Rides - Statistics

General Stats
  • This quiz has been taken 19 times
  • The average score is 9 of 13
Answer Stats
Hint Answer % Correct
B Batman
95%
K Kingda Ka
95%
E El Toro
89%
S Superman
89%
G Green Lantern
84%
J Joker
84%
J Jersey Devil
74%
N Nitro
74%
B Bizarro
58%
R Runaway Mine Train
53%
S Skull Mountain
47%
H Harley Quinn Crazy Train
37%
D Dark Night
21%
No matching quizzes found
Score Distribution
Percent of People with Each Score
Percentile by Number Answered
Your Score History
You have not taken this quiz